[Event "BL 1213 (Women)"]
[Site "Germany"]
[Date "2013.03.10"]
[Round "11.3"]
[White "Schoene, Maria"]
[Black "Goihl, Mona"]
[Result "1-0"]
[WhiteElo "2190"]
[BlackElo "2095"]
[PlyCount "109"]
[EventDate "2012.10.06"]
[EventType "team-tourn"]
[EventRounds "11"]
[EventCountry "GER"]
[SourceTitle "EXT 2014"]
[Source "ChessBase"]
[SourceDate "2013.11.20"]
[SourceVersion "1"]
[SourceVersionDate "2013.11.20"]
[SourceQuality "1"]
[WhiteTeam "Bad Koenigshofen (W)"]
[BlackTeam "Wattenscheid (W)"]
[WhiteTeamCountry "GER"]
[BlackTeamCountry "GER"]

1. e4 c5 2. Nf3 Nc6 3. d4 cxd4 4. Nxd4 g6 5. Nc3 Bg7 6. Be3 Nf6 7. Bc4 0-0 8. Bb3 d6 9. f3 Nd7 10. h4 Na5 11. h5 Ne5 12. hxg6 hxg6 13. Qe2 a6 14. g4 e6 15. Qh2 Re8 16. Qh7+ Kf8 17. Bh6 Bxh6 18. Qxh6+ Ke7 19. 0-0-0 Nxb3+ 20. cxb3 Kd7 21. g5 Kc7 22. Qh4 Kb8 23. f4 Nc6 24. e5 Nxd4 25. Rxd4 d5 26. Kb1 Bd7 27. Qf2 Qe7 28. Rh7 Rf8 29. Rd3 Bc6 30. Rdh3 Qb4 31. a3 Qe7 32. Ne2 Kc7 33. Nd4 Bd7 34. R3h6 Rg8 35. Qd2 Rac8 36. Qh2 Qc5 37. Qc2 Qxc2+ 38. Kxc2 Kb6+ 39. Kd2 Rgf8 40. Rh3 Rc7 41. Rc3 a5 42. Ke3 Rxc3+ 43. bxc3 Kc7 44. Nf3 Kd8 45. Nh4 b6 46. Kd4 Ke8 47. a4 Rg8 48. Ng2 Ke7 49. Ne3 Rb8 50. Ng4 Rb7 51. Nh6 Be8 52. Rh8 Bc6 53. Rc8 Be8 54. Ng8+ Kd7 55. Ra8 1-0

[Event "Muensterland Verbandsklasse-B 1213"]
[Site "Germany"]
[Date "2013.02.23"]
[Round "6.3"]
[White "Goihl, Mona"]
[Black "Schley, Alfred"]
[Result "1/2-1/2"]
[WhiteElo "1994"]
[BlackElo "1714"]
[PlyCount "125"]
[EventDate "2012.09.15"]
[EventType "team-tourn"]
[EventRounds "9"]
[EventCountry "GER"]
[SourceTitle "EXT 2015"]
[Source "ChessBase"]
[SourceDate "2014.11.20"]
[SourceVersion "1"]
[SourceVersionDate "2014.11.20"]
[SourceQuality "1"]
[WhiteTeam "Emsdetten Rochade"]
[BlackTeam "Stadtlohn"]
[WhiteTeamCountry "GER"]
[BlackTeamCountry "GER"]

1. e4 e5 2. Bc4 Bc5 3. Nf3 Nc6 4. c3 Nf6 5. d3 d6 6. 0-0 Bg4 7. h3 Bh5 8. b4 Bb6 9. a4 a5 10. b5 Ne7 11. Re1 h6 12. Nbd2 Qd7 13. Qb3 0-0 14. d4 Ng6 15. dxe5 Nxe5 16. Nxe5 dxe5 17. Nf1 Rfd8 18. Ng3 Bg6 19. Qc2 Nh5 20. Nf5 Bxf5 21. exf5 Kh8 22. Be3 Bxe3 23. Rxe3 Qe7 24. Qe4 Nf6 25. Qxe5 Qxe5 26. Rxe5 Rd7 27. Rae1 Kg8 28. Re7 Kf8 29. R7e5 Re8 30. g4 Rxe5 31. Rxe5 Re7 32. f4 Nd7 33. Rd5 Nb6 34. Rd8+ Re8 35. Rxe8+ Kxe8 36. Bb3 f6 37. Kf2 Ke7 38. Ke3 Kd6 39. Kd4 Nd7 40. h4 Nc5 41. Bc2 b6 42. Bd1 Nd7 43. Ke3 Nc5 44. Bc2 Kd5 45. g5 fxg5 46. fxg5 hxg5 47. hxg5 Ke5 48. Kf3 Kd6 49. Kg4 Ke7 50. Kf4 Nd7 51. Ke4 Kd6 52. Kf4 Ke7 53. Kg4 Kf8 54. Kh5 Ne5 55. f6 gxf6 56. gxf6 Kf7 57. Kg5 Nd7 58. Bb3+ Kf8 59. Kf5 Nc5 60. Bc2 Kf7 61. Bd1 Nd7 62. Bb3+ Kf8 63. Bd1 1/2-1/2

[Event "Muensterland Verbandsklasse-B 1213"]
[Site "Germany"]
[Date "2012.12.15"]
[Round "4.3"]
[White "Goihl, Mona"]
[Black "Lodde, Martin"]
[Result "1/2-1/2"]
[WhiteElo "1994"]
[BlackElo "1845"]
[PlyCount "47"]
[EventDate "2012.09.15"]
[EventType "team-tourn"]
[EventRounds "9"]
[EventCountry "GER"]
[SourceTitle "EXT 2015"]
[Source "ChessBase"]
[SourceDate "2014.11.20"]
[SourceVersion "1"]
[SourceVersionDate "2014.11.20"]
[SourceQuality "1"]
[WhiteTeam "Emsdetten Rochade"]
[BlackTeam "Telgte"]
[WhiteTeamCountry "GER"]
[BlackTeamCountry "GER"]

1. e4 e6 2. d4 d5 3. exd5 exd5 4. Nf3 c5 5. Qe2+ Be7 6. dxc5 Nf6 7. Be3 0-0 8. Qd3 b6 9. cxb6 axb6 10. Qd1 Re8 11. Bb5 Ba6 12. Bxa6 Nxa6 13. Nd4 Qd7 14. h3 Nc5 15. Nd2 Bd6 16. 0-0 Nce4 17. N4b3 Bc7 18. Nf3 Re7 19. Nbd4 Rae8 20. Qd3 Nd6 21. Bg5 Nde4 22. Be3 Nd6 23. Bg5 Nde4 24. Be3 1/2-1/2

[Event "BL 1213 (Women)"]
[Site "Germany"]
[Date "2012.12.02"]
[Round "4.3"]
[White "Goihl, Mona"]
[Black "Melamed, Tatiana"]
[Result "0-1"]
[WhiteElo "2095"]
[BlackElo "2368"]
[PlyCount "98"]
[EventDate "2012.10.06"]
[EventType "team-tourn"]
[EventRounds "11"]
[EventCountry "GER"]
[SourceTitle "EXT 2014"]
[Source "ChessBase"]
[SourceDate "2013.11.20"]
[SourceVersion "1"]
[SourceVersionDate "2013.11.20"]
[SourceQuality "1"]
[WhiteTeam "Wattenscheid (W)"]
[BlackTeam "Halle Volksbank (W)"]
[WhiteTeamCountry "GER"]
[BlackTeamCountry "GER"]

1. e4 c5 2. Nf3 d6 3. c3 Nf6 4. Bc4 Nc6 5. Qe2 Bg4 6. h3 Bh5 7. 0-0 e6 8. d3 Be7 9. Nbd2 0-0 10. Re1 Re8 11. Bb3 d5 12. e5 Nd7 13. Qe3 Qc7 14. g4 Bg6 15. Nf1 d4 16. Qe2 b5 17. Bf4 dxc3 18. bxc3 Nb6 19. Ng3 Rad8 20. Red1 Nd5 21. Bxd5 Rxd5 22. d4 cxd4 23. cxd4 Red8 24. Rac1 Qb6 25. Be3 h6 26. Kh2 Ba3 27. Rc3 b4 28. Rc5 b3 29. Rxd5 Rxd5 30. axb3 Qxb3 31. Nh5 Qb5 32. Nf4 Qxe2 33. Nxe2 Rb5 34. Ra1 Bb2 35. Ra6 Rb6 36. Rxb6 axb6 37. Bc1 Ba1 38. Be3 b5 39. Nc1 Bc2 40. Nd2 Nxd4 41. Kg2 Kf8 42. f4 Ke7 43. Kf2 Kd7 44. h4 b4 45. Bxd4 Bxd4+ 46. Ke2 Kc6 47. Ncb3 Bc3 48. Ke3 Bxd2+ 49. Nxd2 Kd5 0-1

[Event "BL 1213 (Women)"]
[Site "Germany"]
[Date "2012.12.01"]
[Round "3.3"]
[White "Petrova, Kristyna"]
[Black "Goihl, Mona"]
[Result "1-0"]
[WhiteElo "2310"]
[BlackElo "2095"]
[PlyCount "63"]
[EventDate "2012.10.06"]
[EventType "team-tourn"]
[EventRounds "11"]
[EventCountry "GER"]
[SourceTitle "EXT 2014"]
[Source "ChessBase"]
[SourceDate "2013.11.20"]
[SourceVersion "1"]
[SourceVersionDate "2013.11.20"]
[SourceQuality "1"]
[WhiteTeam "Grosslehna (W)"]
[BlackTeam "Wattenscheid (W)"]
[WhiteTeamCountry "GER"]
[BlackTeamCountry "GER"]

1. e4 c5 2. Nf3 Nc6 3. d4 cxd4 4. Nxd4 g6 5. c4 Bg7 6. Be3 Nf6 7. Nc3 Ng4 8. Qxg4 Nxd4 9. Qd1 Ne6 10. Rc1 0-0 11. Be2 Qa5 12. Qd2 d6 13. a3 Re8 14. 0-0 Qd8 15. b4 b6 16. f4 Bb7 17. Nd5 Nc7 18. f5 e6 19. Nxc7 Qxc7 20. f6 Bh8 21. Bd3 e5 22. g4 Qd7 23. Qg2 Rac8 24. Qg3 Qa4 25. Rc3 Re6 26. Qh4 d5 27. exd5 Bxd5 28. cxd5 Rxc3 29. dxe6 Qe8 30. exf7+ Qxf7 31. Rc1 Bxf6 32. Rxc3 1-0

[Event "Muensterland Verbandsklasse-B 1213"]
[Site "Germany"]
[Date "2012.11.17"]
[Round "3.3"]
[White "Huesmann, Stephan"]
[Black "Goihl, Mona"]
[Result "0-1"]
[WhiteElo "1787"]
[BlackElo "1994"]
[PlyCount "68"]
[EventDate "2012.09.15"]
[EventType "team-tourn"]
[EventRounds "9"]
[EventCountry "GER"]
[SourceTitle "EXT 2015"]
[Source "ChessBase"]
[SourceDate "2014.11.20"]
[SourceVersion "1"]
[SourceVersionDate "2014.11.20"]
[SourceQuality "1"]
[WhiteTeam "Rheine Klein Berlin II"]
[BlackTeam "Emsdetten Rochade"]
[WhiteTeamCountry "GER"]
[BlackTeamCountry "GER"]

1. e4 c5 2. Nf3 Nc6 3. d4 cxd4 4. Nxd4 g6 5. Be3 Bg7 6. Nc3 Nf6 7. f3 0-0 8. Qd2 d5 9. Nxc6 bxc6 10. e5 Nd7 11. f4 Rb8 12. b3 Qa5 13. Na4 Qc7 14. Qf2 f6 15. e6 Nb6 16. Nc5 Qd6 17. f5 Qe5 18. Rd1 d4 19. Rxd4 Qxc5 20. fxg6 hxg6 21. Bd3 f5 22. 0-0 Nd5 23. Rxd5 Qxd5 24. Bc4 Qa5 25. Qg3 Bb7 26. Qxg6 Qc3 27. Bd3 Ba6 28. Bh6 Bxd3 29. cxd3 Qf6 30. Qxf6 Rxf6 31. Bf4 Rd8 32. Re1 Rg6 33. g3 Rxd3 34. Rc1 Rxe6 0-1

[Event "Muensterland Verbandsklasse-B 1213"]
[Site "Germany"]
[Date "2012.10.20"]
[Round "2.3"]
[White "Goihl, Mona"]
[Black "Pooth, Richard"]
[Result "1-0"]
[WhiteElo "1994"]
[BlackElo "1817"]
[PlyCount "83"]
[EventDate "2012.09.15"]
[EventType "team-tourn"]
[EventRounds "9"]
[EventCountry "GER"]
[SourceTitle "EXT 2015"]
[Source "ChessBase"]
[SourceDate "2014.11.20"]
[SourceVersion "1"]
[SourceVersionDate "2014.11.20"]
[SourceQuality "1"]
[WhiteTeam "Emsdetten Rochade"]
[BlackTeam "Heiden II"]
[WhiteTeamCountry "GER"]
[BlackTeamCountry "GER"]

1. e4 e5 2. Nf3 Nc6 3. d4 exd4 4. Nxd4 d6 5. Nxc6 bxc6 6. Nc3 g6 7. Bc4 Bg7 8. Qf3 Qf6 9. Qg3 Qd4 10. Be2 Qc5 11. 0-0 Bxc3 12. bxc3 Nf6 13. Qh4 Ng8 14. c4 Qe5 15. Rb1 Qe7 16. Qf4 f6 17. Bb2 h5 18. c5 g5 19. Qd2 Be6 20. Ba3 dxc5 21. Qc3 Bxa2 22. Rbd1 Bf7 23. Bxc5 Qe6 24. Ba6 Ne7 25. Bxe7 Kxe7 26. Qc5+ Ke8 27. Bb7 Qe7 28. Qxc6+ Kf8 29. Bxa8 Be6 30. Qc3 Kg7 31. Bd5 Bc8 32. Rfe1 Kh6 33. e5 f5 34. Bb3 Rf8 35. Ra1 a6 36. Qc6+ Kg7 37. Bc4 Bd7 38. Qxc7 Rc8 39. Qd6 Qxd6 40. exd6 Rxc4 41. Re7+ Kf6 42. Rxd7 1-0

[Event "BL 1213 (Women)"]
[Site "Germany"]
[Date "2012.10.07"]
[Round "2.3"]
[White "Fuchs, Judith"]
[Black "Goihl, Mona"]
[Result "1-0"]
[WhiteElo "2292"]
[BlackElo "2095"]
[PlyCount "117"]
[EventDate "2012.10.06"]
[EventType "team-tourn"]
[EventRounds "11"]
[EventCountry "GER"]
[SourceTitle "EXT 2013"]
[Source "ChessBase"]
[SourceDate "2012.11.22"]
[SourceVersion "1"]
[SourceVersionDate "2012.11.22"]
[SourceQuality "1"]
[WhiteTeam "Hamburger SK (W)"]
[BlackTeam "Wattenscheid (W)"]
[WhiteTeamCountry "GER"]
[BlackTeamCountry "GER"]

1. e4 c5 2. Nf3 Nc6 3. d4 cxd4 4. Nxd4 g6 5. Nc3 Bg7 6. Be3 Nf6 7. Bc4 0-0 8. Bb3 d6 9. f3 Bd7 10. Qd2 Nxd4 11. Bxd4 b5 12. a4 bxa4 13. Bxa4 a5 14. 0-0 Be6 15. Kh1 Bc4 16. Rfe1 e5 17. Bf2 Qc7 18. Bh4 Rfc8 19. Red1 Ra6 20. Rac1 h6 21. Bxf6 Bxf6 22. Nd5 Bxd5 23. Qxd5 Qc5 24. Bb5 Rb6 25. Qxc5 Rxc5 26. c4 Rc8 27. Ra1 Ra8 28. Ra4 Bg5 29. b4 Rbb8 30. bxa5 Rd8 31. a6 Be3 32. Bc6 Ra7 33. Bb7 Bd4 34. Ra5 Rd7 35. Rd5 Rc7 36. Rxd6 Rxc4 37. Rxg6+ fxg6 38. Bd5+ Kg7 39. Bxc4 Rc7 40. Bf1 Rc2 41. h3 Kf6 42. Bd3 Rc3 43. Kh2 Ra3 44. Bc4 Kg5 45. Kg3 Ra4 46. h4+ Kf6 47. Bd3 Ra3 48. Kh3 g5 49. h5 Ke7 50. Kg4 Ra2 51. Bf1 Kd6 52. Kf5 Kc7 53. Kg6 Be3 54. Re1 Bd2 55. Rb1 Be3 56. Rb3 Bd4 57. Kxh6 Rf2 58. Rb7+ Kc8 59. Bc4 1-0

[Event "Muensterland Verbandsklasse-A 1112"]
[Site "Germany"]
[Date "2012.04.21"]
[Round "8.3"]
[White "Goihl, Mona"]
[Black "Steffens, Gerd"]
[Result "1/2-1/2"]
[WhiteElo "1984"]
[BlackElo "1812"]
[PlyCount "33"]
[EventDate "2011.09.17"]
[EventType "team-tourn"]
[EventRounds "9"]
[EventCountry "GER"]
[SourceTitle "EXT 2013"]
[Source "ChessBase"]
[SourceDate "2012.11.22"]
[SourceVersion "1"]
[SourceVersionDate "2012.11.22"]
[SourceQuality "1"]
[WhiteTeam "Emsdetten Rochade"]
[BlackTeam "Olfen"]
[WhiteTeamCountry "GER"]
[BlackTeamCountry "GER"]

1. e4 e6 2. d4 b6 3. Nf3 Bb7 4. Bd3 c5 5. c4 cxd4 6. Nxd4 Nc6 7. Nf3 Nb4 8. 0-0 Nxd3 9. Qxd3 Ne7 10. Nc3 Ng6 11. Rd1 Be7 12. Be3 Bc6 13. Nd4 0-0 14. Qe2 Qc7 15. Rac1 Qb7 16. Bd2 Bc5 17. Nxc6 1/2-1/2

[Event "Muensterland Verbandsklasse-A 1112"]
[Site "Germany"]
[Date "2012.03.10"]
[Round "7.3"]
[White "Goihl, Mona"]
[Black "Bueckers, Bernhard"]
[Result "1-0"]
[WhiteElo "1984"]
[BlackElo "1763"]
[PlyCount "63"]
[EventDate "2011.09.17"]
[EventType "team-tourn"]
[EventRounds "9"]
[EventCountry "GER"]
[SourceTitle "EXT 2013"]
[Source "ChessBase"]
[SourceDate "2012.11.22"]
[SourceVersion "1"]
[SourceVersionDate "2012.11.22"]
[SourceQuality "1"]
[WhiteTeam "Emsdetten Rochade"]
[BlackTeam "Metelen"]
[WhiteTeamCountry "GER"]
[BlackTeamCountry "GER"]

1. e4 c5 2. Nf3 d6 3. c3 Nf6 4. Be2 g6 5. 0-0 Bg7 6. Bb5+ Bd7 7. Bxd7+ Nbxd7 8. Re1 0-0 9. d4 cxd4 10. cxd4 e6 11. Nc3 a6 12. Bf4 Nb6 13. Rc1 Rc8 14. Qb3 Rc6 15. Bg5 Qc7 16. d5 exd5 17. exd5 Rc5 18. Be3 Rc8 19. Bxc5 Qxc5 20. Ne2 Qb5 21. Rxc8+ Nxc8 22. Qxb5 axb5 23. Ned4 b4 24. Nc2 b3 25. axb3 Nb6 26. Nb4 Nfxd5 27. Nxd5 Nxd5 28. Re8+ Bf8 29. Rb8 b6 30. Ng5 Kg7 31. Rb7 Be7 32. Ne4 1-0

[Event "BL2 West 1112 (Women)"]
[Site "Germany"]
[Date "2012.02.12"]
[Round "7.2"]
[White "Schulze, Dorothee"]
[Black "Goihl, Mona"]
[Result "0-1"]
[WhiteElo "2009"]
[BlackElo "2100"]
[PlyCount "94"]
[EventDate "2011.10.29"]
[EventType "team-tourn"]
[EventRounds "7"]
[EventCountry "GER"]
[SourceTitle "EXT 2013"]
[Source "ChessBase"]
[SourceDate "2012.11.22"]
[SourceVersion "1"]
[SourceVersionDate "2012.11.22"]
[SourceQuality "1"]
[WhiteTeam "Lehrte (W)"]
[BlackTeam "Wattenscheid (W)"]
[WhiteTeamCountry "GER"]
[BlackTeamCountry "GER"]

1. e4 c5 2. Nf3 Nc6 3. d4 cxd4 4. Nxd4 g6 5. Be3 Bg7 6. Nc3 Nf6 7. Bc4 0-0 8. Bb3 d6 9. f3 Bd7 10. Qd2 Nxd4 11. Bxd4 b5 12. a4 Qa5 13. 0-0 b4 14. Nd5 Nxd5 15. exd5 Bxd4+ 16. Qxd4 Qb6 17. Qxb6 axb6 18. Rfe1 b5 19. a5 Rfe8 20. a6 Ra7 21. Ra5 Kf8 22. Re4 Rea8 23. Rxb4 Rxa6 24. Rxa6 Rxa6 25. c4 Ra5 26. Kf2 Kg7 27. Ke3 Kf6 28. Kd4 bxc4 29. Bxc4 Ra7 30. Bb5 Rb7 31. Kc4 Rc7+ 32. Kd3 Bxb5+ 33. Rxb5 Ke5 34. g3 g5 35. b4 Ra7 36. Ra5 Rxa5 37. bxa5 Kxd5 38. f4 gxf4 39. gxf4 Kc5 40. Ke4 e6 41. h4 Kb5 42. f5 Kxa5 43. fxe6 fxe6 44. Kf4 Kb5 45. h5 h6 46. Ke4 Kc5 47. Kf4 Kd4 0-1

[Event "Muensterland Verbandsklasse-A 1112"]
[Site "Germany"]
[Date "2012.01.14"]
[Round "5.3"]
[White "Goihl, Mona"]
[Black "Hoge, Torsten"]
[Result "0-1"]
[WhiteElo "1984"]
[BlackElo "2005"]
[PlyCount "58"]
[EventDate "2011.09.17"]
[EventType "team-tourn"]
[EventRounds "9"]
[EventCountry "GER"]
[SourceTitle "EXT 2013"]
[Source "ChessBase"]
[SourceDate "2012.11.22"]
[SourceVersion "1"]
[SourceVersionDate "2012.11.22"]
[SourceQuality "1"]
[WhiteTeam "Emsdetten Rochade"]
[BlackTeam "Gronau"]
[WhiteTeamCountry "GER"]
[BlackTeamCountry "GER"]

1. e4 e6 2. d4 d5 3. exd5 exd5 4. Nf3 Nc6 5. h3 Bf5 6. a3 Nge7 7. c4 Bxb1 8. Rxb1 Qd7 9. c5 g6 10. Bb5 Bg7 11. 0-0 0-0 12. Bf4 Rac8 13. Qd2 a6 14. Ba4 b5 15. cxb6 cxb6 16. Ne5 Qc7 17. Bb3 Rfd8 18. Rbc1 b5 19. Rfd1 Qb6 20. Ba2 Nf5 21. Nxc6 Rxc6 22. Rxc6 Qxc6 23. Rc1 Qe6 24. Qa5 Re8 25. Rc5 Bxd4 26. Rxd5 Qe2 27. Qd2 Bxf2+ 28. Kh2 Qf1 29. Qc1 Bg3+ 0-1

[Event "Muensterland Verbandsklasse-A 1011"]
[Site "Germany"]
[Date "2011.03.12"]
[Round "8.2"]
[White "Goihl, Mona"]
[Black "Zachej, Arne"]
[Result "1/2-1/2"]
[WhiteElo "1975"]
[BlackElo "1943"]
[PlyCount "83"]
[EventDate "2010.09.18"]
[EventType "team-tourn"]
[EventRounds "9"]
[EventCountry "GER"]
[SourceTitle "EXT 2012"]
[Source "ChessBase"]
[SourceDate "2011.11.24"]
[SourceVersion "1"]
[SourceVersionDate "2011.11.24"]
[SourceQuality "1"]
[WhiteTeam "Emsdetten Rochade"]
[BlackTeam "Metelen"]
[WhiteTeamCountry "GER"]
[BlackTeamCountry "GER"]

1. e4 c5 2. Nf3 d6 3. c3 Nf6 4. Bc4 Bd7 5. Qe2 Bc6 6. e5 dxe5 7. Nxe5 e6 8. Nxf7 Kxf7 9. Qxe6+ Kg6 10. Qf7+ Kh6 11. d4+ g5 12. h4 Qe8+ 13. Qxe8 Nxe8 14. Bxg5+ Kg7 15. Be3 b5 16. Bd3 c4 17. Be2 Nd7 18. a4 a6 19. Nd2 Nef6 20. b3 Nd5 21. bxc4 bxc4 22. Bxc4 Nxc3 23. Rc1 Bb4 24. Rh3 Ne4 25. Bb3 Rac8 26. f3 Nxd2 27. Bxd2 Bxd2+ 28. Kxd2 Nb6 29. a5 Bd5 30. Rg3+ Kf6 31. axb6 Bxb3 32. f4 Rxc1 33. Kxc1 Bd5 34. Rg5 Bb7 35. Kd2 Rd8 36. Ke3 Rd6 37. Rh5 Re6+ 38. Kd2 Kg7 39. Rg5+ Kf7 40. Rh5 Kg7 41. Rg5+ Kf7 42. Rh5 1/2-1/2

[Event "Muensterland Verbandsklasse-A 1011"]
[Site "Germany"]
[Date "2010.10.09"]
[Round "2.1"]
[White "Goihl, Mona"]
[Black "Damdinbazar, Bat Erden"]
[Result "1/2-1/2"]
[WhiteElo "1975"]
[BlackElo "1889"]
[PlyCount "84"]
[EventDate "2010.09.18"]
[EventType "team-tourn"]
[EventRounds "9"]
[EventCountry "GER"]
[SourceTitle "EXT 2012"]
[Source "ChessBase"]
[SourceDate "2011.11.24"]
[SourceVersion "1"]
[SourceVersionDate "2011.11.24"]
[SourceQuality "1"]
[WhiteTeam "Emsdetten Rochade"]
[BlackTeam "Nienberge II"]
[WhiteTeamCountry "GER"]
[BlackTeamCountry "GER"]

1. e4 e6 2. d4 d5 3. exd5 exd5 4. Nf3 Nf6 5. Bd3 Bd6 6. 0-0 0-0 7. Bg5 h6 8. Bh4 Bg4 9. Nbd2 Nbd7 10. c4 c6 11. Re1 Bb4 12. a3 dxc4 13. Bxc4 Bxd2 14. Qxd2 Bxf3 15. gxf3 Nb6 16. Bd3 Nbd5 17. Kh1 Qd7 18. Re5 Rae8 19. Bf5 Qd6 20. Rae1 Nc7 21. Bd3 Kh8 22. Bc2 Rxe5 23. Rxe5 Rd8 24. Qa5 Nb5 25. Bxf6 Qxf6 26. Rf5 Qxd4 27. Rxf7 b6 28. Qe1 Nd6 29. Rxa7 Qf4 30. Qe3 Qc4 31. Bd3 Qd5 32. Kg2 Rf8 33. Be4 Qb5 34. Qd4 Qg5+ 35. Kf1 Nb5 36. Qb4 Rd8 37. Rd7 Re8 38. Rf7 Qc1+ 39. Kg2 Qg5+ 40. Kf1 Qc1+ 41. Kg2 Qg5+ 42. Kf1 Qc1+ 1/2-1/2

[Event "Muensterland Verbandsklasse-B 0910"]
[Site "Germany"]
[Date "2010.03.20"]
[Round "8.2"]
[White "Goihl, Mona"]
[Black "Hoeing, Johannes"]
[Result "1/2-1/2"]
[WhiteElo "1977"]
[BlackElo "1955"]
[PlyCount "22"]
[EventDate "2009.09.19"]
[EventType "team-tourn"]
[EventRounds "9"]
[EventCountry "GER"]
[SourceTitle "EXT 2011"]
[Source "ChessBase"]
[SourceDate "2010.11.26"]
[SourceVersion "1"]
[SourceVersionDate "2010.11.26"]
[SourceQuality "1"]
[WhiteTeam "Emsdetten Rochade"]
[BlackTeam "Suedlohn II"]
[WhiteTeamCountry "GER"]
[BlackTeamCountry "GER"]

1. e4 e6 2. d4 d5 3. exd5 exd5 4. Nf3 c6 5. c4 Nf6 6. Nc3 Be7 7. Bd3 0-0 8. 0-0 dxc4 9. Bxc4 Nbd7 10. Re1 Nb6 11. Bb3 Bg4 1/2-1/2

[Event "BL2 West 0910 (Women)"]
[Site "Germany"]
[Date "2010.03.13"]
[Round "6.2"]
[White "Kryger, Oksana"]
[Black "Goihl, Mona"]
[Result "1/2-1/2"]
[WhiteElo "2145"]
[BlackElo "2101"]
[PlyCount "29"]
[EventDate "2009.11.07"]
[EventType "team-tourn"]
[EventRounds "7"]
[EventCountry "GER"]
[SourceTitle "CBM 133 Extra"]
[Source "ChessBase"]
[SourceDate "2010.01.05"]
[SourceVersion "1"]
[SourceVersionDate "2010.01.05"]
[SourceQuality "1"]
[WhiteTeam "Muelheim Nord (W)"]
[BlackTeam "Wattenscheid (W)"]
[WhiteTeamCountry "GER"]
[BlackTeamCountry "GER"]

1. d4 Nf6 2. c4 g6 3. g3 Bg7 4. Bg2 d5 5. cxd5 Nxd5 6. Nf3 0-0 7. 0-0 Na6 8. Nc3 Nxc3 9. bxc3 c5 10. Qb3 cxd4 11. cxd4 Nc5 12. Qb4 Na6 13. Qb3 Nc5 14. Qb4 Na6 15. Qb3 1/2-1/2

[Event "Muensterland Verbandsklasse-B 0910"]
[Site "Germany"]
[Date "2010.01.30"]
[Round "6.2"]
[White "Goihl, Mona"]
[Black "Hofene, Dieter"]
[Result "1/2-1/2"]
[WhiteElo "1977"]
[BlackElo "1893"]
[PlyCount "129"]
[EventDate "2009.09.19"]
[EventType "team-tourn"]
[EventRounds "9"]
[EventCountry "GER"]
[SourceTitle "EXT 2011"]
[Source "ChessBase"]
[SourceDate "2010.11.26"]
[SourceVersion "1"]
[SourceVersionDate "2010.11.26"]
[SourceQuality "1"]
[WhiteTeam "Emsdetten Rochade"]
[BlackTeam "Beelen"]
[WhiteTeamCountry "GER"]
[BlackTeamCountry "GER"]

1. e4 e5 2. Nf3 Nc6 3. d4 exd4 4. Nxd4 Bb4+ 5. c3 Bc5 6. Be3 Bb6 7. Nf5 Bxe3 8. Nxe3 Nf6 9. Nd2 0-0 10. Qc2 d6 11. Be2 Qe7 12. 0-0-0 Ne5 13. h3 Ng6 14. g3 Re8 15. Bf3 Rb8 16. Bg2 b5 17. f4 Bb7 18. Nd5 Bxd5 19. exd5 Nh5 20. f5 Nf8 21. Ne4 Nxg3 22. f6 Qe5 23. Nxg3 Qxg3 24. fxg7 Ng6 25. Kb1 Re3 26. Rhf1 Qe5 27. Qf2 f6 28. Qxf6 Qxf6 29. Rxf6 Kxg7 30. Rdf1 Rbe8 31. Rf7+ Kg8 32. a3 Re1+ 33. Ka2 Rxf1 34. Rxf1 Ne5 35. Rg1 Ng6 36. Bf3 Kg7 37. Kb3 Rf8 38. Bg4 Rf4 39. Bd7 a6 40. Bc8 a5 41. Bd7 Kf6 42. Bxb5 Ke5 43. Bd3 a4+ 44. Kc2 Rf2+ 45. Kb1 Kxd5 46. Bxg6 hxg6 47. Rxg6 Rf1+ 48. Ka2 c5 49. h4 Rh1 50. Rg4 c4 51. Rg5+ Kc6 52. Ra5 Rxh4 53. Rxa4 d5 54. Rb4 Kc5 55. Rb8 Rh7 56. a4 Rg7 57. Rb5+ Kc6 58. Rb8 Rh7 59. Rc8+ Kb6 60. Ka3 Rh1 61. Rg8 Ka5 62. Ra8+ Kb6 63. Rb8+ Kc5 64. Rb5+ Kc6 65. Ka2 1/2-1/2

[Event "BL2 West 0910 (Women)"]
[Site "Germany"]
[Date "2010.01.17"]
[Round "5.2"]
[White "Goihl, Mona"]
[Black "Mass, Elvira"]
[Result "1-0"]
[WhiteElo "2101"]
[BlackElo "1981"]
[PlyCount "97"]
[EventDate "2009.11.07"]
[EventType "team-tourn"]
[EventRounds "7"]
[EventCountry "GER"]
[SourceTitle "CBM 133 Extra"]
[Source "ChessBase"]
[SourceDate "2010.01.05"]
[SourceVersion "1"]
[SourceVersionDate "2010.01.05"]
[SourceQuality "1"]
[WhiteTeam "Wattenscheid (W)"]
[BlackTeam "Dortmund 1875 (W)"]
[WhiteTeamCountry "GER"]
[BlackTeamCountry "GER"]

1. e4 e6 2. d4 d5 3. exd5 exd5 4. Nf3 Bd6 5. c4 Qe7+ 6. Be2 Bb4+ 7. Nc3 Nf6 8. 0-0 dxc4 9. Bxc4 0-0 10. Bg5 Bxc3 11. bxc3 Qd6 12. Ne5 Nc6 13. Re1 Nd5 14. Qf3 Be6 15. Bd3 Nde7 16. Nxc6 Nxc6 17. Re3 f6 18. Bf4 Qd7 19. Qe4 g5 20. Qxe6+ Qxe6 21. Rxe6 gxf4 22. Rae1 Rad8 23. R1e4 f3 24. g3 Rd7 25. Re3 Kg7 26. Rxf3 Re7 27. Rxe7+ Nxe7 28. Bc4 Rd8 29. Re3 Nf5 30. Re2 h5 31. Bd3 Rd5 32. Bxf5 Rxf5 33. Re7+ Kg6 34. Rxc7 Rb5 35. Kg2 Rb2 36. h4 a6 37. a4 Rb3 38. d5 b5 39. axb5 Rxb5 40. c4 Rb3 41. d6 a5 42. Ra7 Rd3 43. c5 Kf5 44. Rxa5 Ke6 45. Ra7 f5 46. d7 Ke7 47. c6 Rd6 48. Rc7 Rd3 49. Rc8 1-0

[Event "Muensterland Verbandsklasse-B 0910"]
[Site "Germany"]
[Date "2010.01.09"]
[Round "5.2"]
[White "Goihl, Mona"]
[Black "Overesch, Andre"]
[Result "0-1"]
[WhiteElo "1977"]
[BlackElo "1917"]
[PlyCount "70"]
[EventDate "2009.09.19"]
[EventType "team-tourn"]
[EventRounds "9"]
[EventCountry "GER"]
[SourceTitle "EXT 2011"]
[Source "ChessBase"]
[SourceDate "2010.11.26"]
[SourceVersion "1"]
[SourceVersionDate "2010.11.26"]
[SourceQuality "1"]
[WhiteTeam "Emsdetten Rochade"]
[BlackTeam "Muenster SK III"]
[WhiteTeamCountry "GER"]
[BlackTeamCountry "GER"]

1. e4 c5 2. Nf3 g6 3. c3 Bg7 4. d4 cxd4 5. cxd4 d5 6. exd5 Nf6 7. Bb5+ Bd7 8. Bc4 b5 9. Bb3 0-0 10. 0-0 a5 11. a3 Na6 12. Bf4 Be8 13. Re1 Nc7 14. Bxc7 Qxc7 15. Qe2 Rd8 16. Nc3 b4 17. axb4 axb4 18. Na2 Nxd5 19. Bxd5 Rxd5 20. Nxb4 Ra5 21. Rxa5 Qxa5 22. Qxe7 Bd7 23. Nd3 Bf5 24. b4 Qa2 25. Nde5 h6 26. Qb7 Be6 27. b5 Bd5 28. Qc7 Qb3 29. b6 Bxe5 30. Nxe5 Qb4 31. Rd1 Qb3 32. Rf1 Kg7 33. Nd7 Re8 34. Nc5 Qb5 35. Qd7 Qxf1+ 0-1